State, society and Islam in the Western regions of the Sahara: (Record no. 1464266)

MARC details
000 -LEADER
fixed length control field 00788 a2200229 4500
005 - DATE AND TIME OF LATEST TRANSACTION
control field 20251114142753.0
008 - FIXED-LENGTH DATA ELEMENTS--GENERAL INFORMATION
fixed length control field 251114b |||||||| |||| 00| 0 eng d
020 ## - INTERNATIONAL STANDARD BOOK NUMBER
International Standard Book Number 9780755643486 (pbk)
037 ## - SOURCE OF ACQUISITION
Terms of availability TB
040 ## - CATALOGING SOURCE
Original cataloging agency AL
Transcribing agency AL
041 ## - LANGUAGE CODE
Source of code eng
Language code of text/sound track or separate title eng
084 ## - COLON CLASSIFICATION NUMBER
Classification number V63:17 R2
Assigning agency AL
245 ## - TITLE STATEMENT
Title State, society and Islam in the Western regions of the Sahara:
Remainder of title regional interaction and social change
260 ## - PUBLICATION, DISTRIBUTION, ETC.
Place of publication, distribution, etc. London, UK:
Name of publisher, distributor, etc. I. B. Tauris,
Date of publication, distribution, etc. 2024.
300 ## - PHYSICAL DESCRIPTION
Extent xv, 355p.
365 ## - TRADE PRICE
Price amount 28.99
Currency code UKP
650 ## - SUBJECT ADDED ENTRY--TOPICAL TERM
Topical term or geographic name entry element History
9 (RLIN) 851460
650 ## - SUBJECT ADDED ENTRY--TOPICAL TERM
Topical term or geographic name entry element African History
9 (RLIN) 851461
650 ## - SUBJECT ADDED ENTRY--TOPICAL TERM
Topical term or geographic name entry element Colonialism
9 (RLIN) 851462
942 ## - ADDED ENTRY ELEMENTS (KOHA)
Koha item type Textbook
Source of classification or shelving scheme Colon Classification (CC)
Suppress in OPAC No
Classification part V63:17 R2
Holdings
Withdrawn status Lost status Source of classification or shelving scheme Damaged status Not for loan Home library Current library Date acquired Source of acquisition Cost, normal purchase price Inventory number Total Checkouts Full call number Barcode Date last seen Cost, replacement price Price effective from Koha item type
    Colon Classification (CC)     Arts Library Arts Library 2025-10-29 32/ Govinda Book House 2770.98 6930 & 2025-10-01   V63:17 R2 AL1804923 2025-10-29 3463.73 2025-10-29 Textbook
Copyright @ Delhi University Library System